Central Library OPAC University of Rajshahi

200 miniature games of chess, combinations in the openings / (Record no. 76953)

MARC details
000 -LEADER
fixed length control field 00752cam a2200241u 4500
001 - CONTROL NUMBER
control field 76953
003 - CONTROL NUMBER IDENTIFIER
rucl marc code BD-RjUL
005 - DATE AND TIME OF LATEST TRANSACTION
control field 20211209082917.0
008 - FIXED-LENGTH DATA ELEMENTS--GENERAL INFORMATION
fixed length control field 841025s1941 enka 000 0 eng
035 ## - SYSTEM CONTROL NUMBER
System control number (BD-RjUL)77177
040 ## - CATALOGING SOURCE
Original cataloging agency DLC
Transcribing agency CarP
Modifying agency DLC
Language of cataloging eng
041 ## - LANGUAGE CODE
Language code of text/sound track or separate title eng
082 ## - DEWEY DECIMAL CLASSIFICATION NUMBER
Edition number 23
Classification number 794.1
Author mark and year MOT 1963
100 1# - MAIN ENTRY--PERSONAL NAME
Personal name Du Mont, Jules,
Dates associated with a name 1881- [from old catalog]
9 (RLIN) 239085
245 10 - TITLE STATEMENT
Title 200 miniature games of chess, combinations in the openings /
Statement of responsibility, etc. J. DU Mont
260 ## - PUBLICATION, DISTRIBUTION, ETC. (IMPRINT)
Place of publication, distribution, etc. London :
Name of publisher, distributor, etc. Routledge & sons, ltd.
Date of publication, distribution, etc. 1963
300 ## - PHYSICAL DESCRIPTION
Pagination xv, 287 p. :
Illustrations illus.;
Size 23 cm.
650 #0 - SUBJECT ADDED ENTRY--TOPICAL TERM
Topical term or geographic name as entry element Chess
Form subdivision Collections of games.
9 (RLIN) 239086
906 ## - LOCAL DATA ELEMENT F, LDF (RLIN)
a 0
b cbc
c premunv
d u
e ncip
f 19
g y-gencatlg
942 ## - ADDED ENTRY ELEMENTS (KOHA)
Source of classification or shelving scheme Dewey Decimal Classification
Koha item type Books
Holdings
Lost status Source of classification or shelving scheme Damaged status Not for loan Collection code Permanent Location Current Location Shelving location Date acquired Total Checkouts Full call number Date last seen Copy number Koha item type
  Dewey Decimal Classification   Not For Loan Non-fiction Central Library, University of Rajshahi Central Library, University of Rajshahi Reading Room 09/02/2020   794.1 MOT 1963 09/02/2020 C-1 Books